000 00412nam a22001337a 4500
999 _c130005
_d130005
008 191113b ||||| |||| 00| 0 eng d
050 _aHN800.C734
100 _aGoldman, Ian et al...
_948616
245 _aFacilitator's guide for community-based planning
_cIan Goldman et al...
260 _aHarare
_bDFID
_c2003
300 _a 120p. ;
_c31cm.
650 _acommunity development
_98596
942 _2lcc
_cMONOGRAPH